Sistemas de información gerencial: organización y tecnología de la empresa conectada en red
Gardado en:
| Main Authors: | , |
|---|---|
| Formato: | Libro |
| Idioma: | Lingua castelá |
| Publicado: |
Ciudad de México
Pearson Educación
2002
|
| Edición: | 6a. ed |
| Subjects: | |
| Tags: |
Engadir etiqueta
Sen Etiquetas, Sexa o primeiro en etiquetar este rexistro!
|
MARC
| LEADER | 00000nam a2200000 a 4500 | ||
|---|---|---|---|
| 001 | UCM6457 | ||
| 003 | CL-VaPUC | ||
| 008 | 021108e20020000MX |||||||||||||||||spa|d | ||
| 020 | |a 9684444877 | ||
| 082 | 0 | 4 | |a 658.4038 |b LAU |2 21 |
| 100 | |a Laudon, Kenneth C |e author |9 601339 | ||
| 700 | |a Laudon, Jane Price |e author |9 601340 | ||
| 245 | 1 | 0 | |a Sistemas de información gerencial: organización y tecnología de la empresa conectada en red |
| 250 | |a 6a. ed | ||
| 300 | |a 588 p | ||
| 942 | |c BK | ||
| 945 | |d 20021108 00:00:00 |a cmena | ||
| 260 | |a Ciudad de México |b Pearson Educación |c 2002 | ||
| 650 | 0 | |a Administración de empresas |9 260833 | |
| 650 | 0 | |a Gestión de la información |9 362327 | |
| 650 | 0 | |a Toma de decisiones |9 257530 | |
| 650 | 0 | |a Sistemas de información |9 260286 | |
| 650 | 0 | |a Planificación estratégica |9 259735 | |
| 583 | |a last modification |c 20021108 00:00:00 |k Rodrigo Vera | ||
| 999 | |c 301857 |d 301855 | ||
| 952 | |0 0 |1 0 |2 ddc |4 0 |6 658_403800000000000_LAU_2002 |7 0 |8 A |9 361531 |a BIBING |b BIBING |c RES |d 2019-11-21 |i 3858421 |o 658.4038 LAU 2002 |p 3858421 |r 2025-01-20 |w 2019-11-21 |y BK |k EII | ||
| 952 | |0 0 |1 0 |2 ddc |4 0 |6 658_403800000000000_LAU_2002 |7 0 |8 A |9 361532 |a BIBING |b BIBING |c RES |d 2019-11-21 |i 3859371 |o 658.4038 LAU 2002 |p 3859371 |r 2025-01-20 |w 2019-11-21 |y BK |k TRA | ||
| 952 | |0 0 |1 0 |2 ddc |4 0 |6 658_403800000000000_LAU_2002 |7 0 |8 A |9 361533 |a BIBING |b BIBING |c RES |d 2019-11-21 |i 3897931 |o 658.4038 LAU 2002 |p 3897931 |r 2025-01-20 |w 2019-11-21 |y BK |k CCI | ||
| 952 | |0 0 |1 0 |2 ddc |4 0 |6 658_403800000000000_LAU_2002 |7 0 |8 A |9 361534 |a BIBING |b BIBING |c RES |d 2019-11-21 |i 389794K |o 658.4038 LAU 2002 |p 389794K |r 2025-01-20 |w 2019-11-21 |y BK |k CCI | ||
| 952 | |0 0 |1 0 |4 0 |6 658_403800000000000_LAU_2002 |7 0 |8 A |9 361535 |a BIBENE |b BIBENE |d 2019-11-21 |i 4079655 |o 658.4038 LAU 2002 |p 4079655 |r 2025-01-15 |w 2019-11-21 |y BK |k ICO | ||
| 952 | |0 0 |1 0 |2 ddc |4 0 |6 658_403800000000000_LAU_2002 |7 0 |8 A |9 361536 |a BIBING |b BIBING |c RES |d 2019-11-21 |i 415584K |o 658.4038 LAU 2002 |p 415584K |r 2025-01-20 |w 2019-11-21 |y BK |k EII | ||